000 00461nam a2200157Ia 4500
003 SGT
020 _a9789380386294
082 _a5.133,DIX
100 _aDixit,J.B
245 _aFundamentals of computers and programming in C (FCPC)
260 _bUniversity Science Press
_aN. Delhi
_c2010
300 _a747p.
650 _aCOMPUTER SCIENCE
653 _aEVOLUTION OF COMPUTERS, HARDWARE,UNIX,WINDOWS XP,OPERATORS AND EXPRESSIONS,ARRAYS
942 _2ddc
_cBK
_0105
999 _c4935
_d4935